| Tag |
First Indicator |
Second Indicator |
Subfields |
| LEADER |
00000cam a2200000 4500 |
| 001 |
in00000049601 |
| 005 |
20151007073650.0 |
| 008 |
800610s1944 sw a b 00000 eng d |
| 035 |
|
|
|a (OCoLC)06404549
|
| 035 |
|
|
|9 AAF0138AM
|
| 040 |
|
|
|a TXA
|c TXA
|d UtOrBLW
|
| 049 |
|
|
|a TXAM
|c [159521]
|
| 090 |
|
|
|a SB211.P8
|b L35 1944
|
| 092 |
|
|
|a 583.79
|b L232c
|
| 100 |
1 |
|
|a Lamm, Robert.
|
| 245 |
1 |
0 |
|a Cytogenetic studies in solanum, sect. tuberarium.
|
| 264 |
|
1 |
|a Lund :
|b Berlingska Boktryckeriet,
|c 1944.
|
| 300 |
|
|
|a 128 pages :
|b illustrations
|
| 336 |
|
|
|a text
|b txt
|2 rdacontent
|
| 337 |
|
|
|a unmediated
|b n
|2 rdamedia
|
| 338 |
|
|
|a volume
|b nc
|2 rdacarrier
|
| 500 |
|
|
|a "By due permission of the philosophical faculty of the University of Lund. To be publicly defended in the Genetical Auditory, May 23, 1944, at 10 o'clock for the degree of Doctor of Philosophy."
|
| 504 |
|
|
|a Bibliography: pages 116-126.
|
| 650 |
|
0 |
|a Potatoes.
|
| 999 |
|
|
|a MARS
|
| 999 |
f |
f |
|s dbcd64ad-5ffa-3161-95ef-5e1ba02fc7f5
|i 674ad229-c800-3072-b9b8-bcf4ac00c34f
|t 0
|
| 952 |
f |
f |
|p ric
|a Texas A&M University
|b Rellis Campus
|c Joint Library Facility
|d Remote Storage
|t 0
|e SB211.P8 L35 1944
|h Library of Congress classification
|i unmediated -- volume
|m A14800996389
|
| 998 |
f |
f |
|a SB211.P8 L35 1944
|t 0
|l Remote Storage
|